Central Library OPAC University of Rajshahi

The law and practice of marine insurance relating to collision damages and other liabilities to third parties / (Record no. 5372)

MARC details
000 -LEADER
fixed length control field 00917nam a2200265 a 4500
001 - CONTROL NUMBER
control field 5372
003 - CONTROL NUMBER IDENTIFIER
rucl marc code BD-RjUL
005 - DATE AND TIME OF LATEST TRANSACTION
control field 20211208234045.0
008 - FIXED-LENGTH DATA ELEMENTS--GENERAL INFORMATION
fixed length control field 131226r19611952enk 001 0 eng
035 ## - SYSTEM CONTROL NUMBER
System control number (BD-RjUL)5408
040 ## - CATALOGING SOURCE
Original cataloging agency DLC
Transcribing agency INL
Modifying agency BD-RjUL
Language of cataloging eng
041 ## - LANGUAGE CODE
Language code of text/sound track or separate title eng
082 04 - DEWEY DECIMAL CLASSIFICATION NUMBER
Classification number 368.22
Edition number 23
Author mark and year HUL 1961
100 1# - MAIN ENTRY--PERSONAL NAME
Personal name Hurd, Howard B.
9 (RLIN) 16888
245 14 - TITLE STATEMENT
Title The law and practice of marine insurance relating to collision damages and other liabilities to third parties /
Statement of responsibility, etc. by Howard B. Hurd
250 ## - EDITION STATEMENT
Edition statement 2nd ed.
260 ## - PUBLICATION, DISTRIBUTION, ETC. (IMPRINT)
Place of publication, distribution, etc. London :
Name of publisher, distributor, etc. Pitman,
Date of publication, distribution, etc. 1952 [Reprinted1961]
300 ## - PHYSICAL DESCRIPTION
Pagination xxxiii, 214 p. ;
Size 25 cm.
500 ## - GENERAL NOTE
General note Includes index.
650 #0 - SUBJECT ADDED ENTRY--TOPICAL TERM
Topical term or geographic name as entry element Marine insurance
Geographic subdivision Great Britain.
9 (RLIN) 16889
Topical term or geographic name as entry element Insurance law
Geographic subdivision Great Britain.
9 (RLIN) 15133
Topical term or geographic name as entry element Collisions at sea.
9 (RLIN) 16890
856 ## - ELECTRONIC LOCATION AND ACCESS
Uniform Resource Identifier <a href="http://www.worldcat.org/title/chemical-thermodynamics/oclc/636777141?referer=br&ht=edition">http://www.worldcat.org/title/chemical-thermodynamics/oclc/636777141?referer=br&ht=edition</a>
942 ## - ADDED ENTRY ELEMENTS (KOHA)
Source of classification or shelving scheme Dewey Decimal Classification
Koha item type Books
Holdings
Lost status Source of classification or shelving scheme Damaged status Not for loan Collection code Permanent Location Current Location Shelving location Date acquired Source of acquisition Cost, normal purchase price Total Checkouts Full call number Date last seen Copy number Koha item type
  Dewey Decimal Classification     Non-fiction Central Library, University of Rajshahi Central Library, University of Rajshahi   27/03/1963 Zeitlinger 55.00   368.22 HUL 1961 26/12/2013 C-3 Books
  Dewey Decimal Classification     Non-fiction Central Library, University of Rajshahi Central Library, University of Rajshahi   27/03/1963 Zeitlinger 55.00   368.22 HUL 1961 22/08/2016 C-2 Books
  Dewey Decimal Classification     Non-fiction Central Library, University of Rajshahi Central Library, University of Rajshahi Reading Room 27/03/1963 Zeitlinger 55.00   368.22 HUL 1961 17/01/2017 C-1 Books